Experiment, Test, Befragung /

Bibliographic Details
Other Authors: Wewetzer, Karl-Hermann
Format: Book
Language:German
Published: Darmstadt : Wissenschaftliche Buchgesellschaft, 1981.
Series:Wege der Forschung ; Bd. 230.
Subjects:

MARC

Tag First Indicator Second Indicator Subfields
LEADER 00000cam a2200000 a 4500
001 in00000074117
005 20151008060203.0
008 820305s1981 gw a b 00000 ger
010 |a  81149665  
015 |a GFR81-A 
020 |a 3534045963 :  |c DM91.00 
035 |a (OCoLC)08432174 
035 |9 AAJ5282AM 
039 0 |a 2  |b 3  |c 3  |d 3  |e 3 
040 |a DLC  |c DLC  |d TXA  |d UtOrBLW 
049 |a TXAM  |c [1196365] 
050 0 0 |a BF38  |b .E86 
082 0 |a 150/.28/7  |2 19 
245 0 0 |a Experiment, Test, Befragung /  |c herausgegeben von Karl-Hermann Wewetzer. 
264 1 |a Darmstadt :  |b Wissenschaftliche Buchgesellschaft,  |c 1981. 
300 |a vi, 384 pages :  |b illustrations ;  |c 20 cm. 
336 |a text  |b txt  |2 rdacontent 
337 |a unmediated  |b n  |2 rdamedia 
338 |a volume  |b nc  |2 rdacarrier 
490 1 |a Wege der Forschung,  |v Bd. 230 
504 |a Includes bibliographies. 
650 0 |a Psychology  |x Methodology. 
650 0 |a Psychometrics. 
650 0 |a Psychology, Experimental. 
650 0 |a Psychological tests. 
650 0 |a Psychology  |x Research. 
700 1 |a Wewetzer, Karl-Hermann. 
830 0 |a Wege der Forschung ;  |v Bd. 230. 
999 |a MARS 
999 f f |s aa80b4da-b146-3338-9f48-61b95f213360  |i 70dd7863-e8f2-3a7b-be13-33a94d00bab6  |t 0 
952 f f |p ric  |a Texas A&M University  |b Rellis Campus  |c Joint Library Facility  |d Remote Storage  |t 0  |e BF38 .E86  |h Library of Congress classification  |i unmediated -- volume  |m A14806086085 
998 f f |a BF38 .E86  |t 0  |l Remote Storage